Logo CIB grande

ARQUITECTURA MEDITERRANEA PRERROMANA (Registro nro. 196950)

Detalles MARC
000 -LEADER
campo de control de longitud fija 00697nam a2200277Ia 4500
005 - FECHA Y HORA DE LA ÚLTIMA TRANSACCIÓN
campo de control 20250425160827.0
008 - DATOS DE LONGITUD FIJA--INFORMACIÓN GENERAL
campo de control de longitud fija 250425s9999 xx 000 0 und d
020 ## - NÚMERO INTERNACIONAL ESTÁNDAR DEL LIBRO
Número Internacional Estándar del Libro 8403330170
041 ## - CÓDIGO DE IDIOMA
Código de lengua del texto/banda sonora o título independiente spa
043 ## - CÓDIGO DE ÁREA GEOGRÁFICA
Código de área geográfica sp
082 ## - NÚMERO DE LA CLASIFICACIÓN DECIMAL DEWEY
Número de clasificación 722
010 ## - NÚMERO DE CONTROL DE LA BIBLIOTECA DEL CONGRESO
Número de control de LC 6235
100 ## - ENTRADA PRINCIPAL--NOMBRE DE PERSONA
Nombre de persona LLOYD, SETON
245 #0 - MENCIÓN DEL TÍTULO
Título ARQUITECTURA MEDITERRANEA PRERROMANA
250 ## - MENCION DE EDICION
Mención de edición 1RA ED.
260 ## - PUBLICACIÓN, DISTRIBUCIÓN, ETC.
Lugar de publicación, distribución, etc. España
Nombre del editor, distribuidor, etc. AGUILAR, S.A. DE EDICIONES
Fecha de publicación, distribución, etc. 1973
260 ## - PUBLICACIÓN, DISTRIBUCIÓN, ETC.
Lugar de publicación, distribución, etc. MADRID
300 ## - DESCRIPCIÓN FÍSICA
Extensión 410
650 ## - PUNTO DE ACCESO ADICIONAL DE MATERIA--TÉRMINO DE MATERIA
Término de materia o nombre geográfico como elemento de entrada ARQUITECTURA ANTIGUA
650 ## - PUNTO DE ACCESO ADICIONAL DE MATERIA--TÉRMINO DE MATERIA
Término de materia o nombre geográfico como elemento de entrada ARQUITECTURA ROMANA
650 ## - PUNTO DE ACCESO ADICIONAL DE MATERIA--TÉRMINO DE MATERIA
Término de materia o nombre geográfico como elemento de entrada CUADROS SINOPTICOS
700 ## - ENTRADA AGREGADA--NOMBRE PERSONAL
Nombre de persona LUIS ESCOLAR BAREÑO
Término indicativo de función/relación traductor
700 ## - ENTRADA AGREGADA--NOMBRE PERSONAL
Nombre de persona MARTIN, ROLAND
700 ## - ENTRADA AGREGADA--NOMBRE PERSONAL
Nombre de persona MULLER, HANS WOLFGANG
942 ## - ELEMENTOS DE ENTRADA SECUNDARIOS (KOHA)
Tipo de ítem Koha Libros
Existencias
Estatus retirado Estado de pérdida Estado de daño No para préstamo Biblioteca de origen Biblioteca actual Ubicación en estantería Fecha de adquisición Coste, precio normal de compra Etiqueta RFID Total de préstamos Código de barras Copia número Tipo de ítem Koha
        CENTRO DE INFORMACIÓN BIBLIOTECARIA CENTRO DE INFORMACIÓN BIBLIOTECARIA   19/11/2002 0.01 0000000000000000008497   12815 1 Libros

Copyright 2025 ESPOL. Todos los derechos reservados.